000 00694nam a22001817a 4500
999 _c371867
_d371867
008 201127b ||||| |||| 00| 0 eng d
040 _aDE-2950
_bger
_cDE-2950
_erda
041 _ager
245 _aMarsch gegen Inflation uns Sanktionen.
_bProtest: Zur Montagsdemonstration in Frankfurt kamen am Abend mehr als 1000 Teilnehmer zum Rathausplatz. /
_cpst.
264 _c2022
653 _aFrankfurt (Oder)
653 _aProtestdemonstration
773 _dFrankfurt (Oder) Märkisches Verlags- und Druckhaus GmbH & Co KG
_tMärkische Oderzeitung
_g33. Jahrgang (2022) Nr. 220 vom 20.09.2022, S. 15: Abb.
942 _cA